| Tag |
First Indicator |
Second Indicator |
Subfields |
| LEADER |
00000cam a2200000 a 4500 |
| 001 |
in00002787924 |
| 005 |
20151202171605.0 |
| 008 |
121203s2012 enkabe bc 000 0 ita c |
| 015 |
|
|
|a GBB2B6210
|2 bnb
|
| 016 |
7 |
|
|a 016207446
|2 Uk
|
| 020 |
|
|
|a 1407310216
|
| 020 |
|
|
|a 9781407310213 (pbk.)
|
| 035 |
|
|
|a (OCoLC)ocn820105989
|
| 035 |
|
|
|a (OCoLC)820105989
|
| 040 |
|
|
|a UKMGB
|b eng
|c UKMGB
|d OCLCO
|d TXA
|d UtOrBLW
|
| 041 |
0 |
|
|a ita
|b eng
|
| 042 |
|
|
|a pcc
|
| 043 |
|
|
|a e-it---
|
| 049 |
|
|
|a TXAM
|
| 050 |
|
4 |
|a DG55.S54
|b A33 2012
|
| 082 |
0 |
4 |
|a 937.501
|2 23
|
| 100 |
1 |
|
|a Acconcia, Valeria.
|
| 245 |
1 |
0 |
|a Paesaggi etruschi in terra di Siena :
|b l'agro tra Volterra e Chiusi dall' età del ferro all' età romana /
|c Valeria Acconcia.
|
| 264 |
|
1 |
|a Oxford :
|b Archaeopress,
|c 2012.
|
| 300 |
|
|
|a 344, that is, 405 pages, 61 unnumbered pages of plates :
|b illustrations, maps, plans ;
|c 30 cm.
|
| 336 |
|
|
|a text
|b txt
|2 rdacontent
|
| 337 |
|
|
|a unmediated
|b n
|2 rdamedia
|
| 338 |
|
|
|a volume
|b nc
|2 rdacarrier
|
| 490 |
1 |
|
|a BAR international series ;
|v 2422
|
| 546 |
|
|
|a Text in Italian with summary in English.
|
| 500 |
|
|
|a Based on the authors' thesis (dottorato)--Università degli studi di Roma "La Sapienza", 2001.
|
| 504 |
|
|
|a Includes bibliographical references.
|
| 650 |
|
0 |
|a Land settlement
|z Italy
|z Siena (Province)
|
| 650 |
|
0 |
|a Etruscans
|z Italy
|z Siena (Province)
|
| 650 |
|
0 |
|a Excavations (Archaeology)
|z Italy
|z Siena (Province)
|
| 650 |
|
0 |
|a Excavations (Archaeology)
|z Italy
|z Siena (Province)
|v Catalogs.
|
| 651 |
|
0 |
|a Siena (Italy : Province)
|x Antiquities.
|
| 651 |
|
0 |
|a Siena (Italy : Province)
|x Antiquities
|v Catalogs.
|
| 830 |
|
0 |
|a BAR international series ;
|v 2422.
|
| 948 |
|
|
|a cataloged
|b h
|c 2012/12/6
|d enhance
|e fpiscitelli
|f 10:46:22 am
|
| 994 |
|
|
|a C0
|b TXA
|
| 999 |
|
|
|a MARS
|
| 999 |
f |
f |
|s 9c5765e1-4037-330e-913f-cb376c7f2c47
|i a668c018-1709-32e8-a93b-7f3092b9a052
|t 0
|
| 952 |
f |
f |
|p ric
|a Texas A&M University
|b Rellis Campus
|c Joint Library Facility
|d Remote Storage
|t 0
|e DG55.S54 A33 2012
|h Library of Congress classification
|i unmediated -- volume
|m A14841436306
|
| 998 |
f |
f |
|a DG55.S54 A33 2012
|t 0
|l Remote Storage
|